|
|
|
|
| LEADER |
00000nab a2200000 4500 |
| 001 |
vtls011975621 |
| 003 |
SK-MaSNL |
| 005 |
20260304180300.0 |
| 008 |
200622 2019 xo 000 0 eng |
| 015 |
|
|
|a SNBRB2019/02
|2 LMAOSK
|
| 040 |
|
|
|a LMAOSK
|b slo
|c LMAOSK
|e rda
|
| 041 |
0 |
|
|a eng
|
| 044 |
|
|
|a xo
|c SK
|
| 072 |
|
7 |
|a 004
|x Počítačová veda. Výpočtová technika. Informačné technológie
|2 konspekt
|
| 080 |
|
|
|a 004
|2 2011
|
| 080 |
|
|
|a (046)
|2 2011
|
| 100 |
1 |
|
|a Barabash, O. V.
|4 aut
|9 1509630
|
| 245 |
1 |
0 |
|a Target Programming with Multicriterial Restrictions Application to the Defense Budget Optimization
|c O.V. Barabash, P.V. Open'ko, O.V. Kopiika, H.V. Shevchenko, N.B. Dakhno
|
| 300 |
|
|
|b Tabulky, grafy
|
| 336 |
|
|
|a text
|b txt
|2 rdacontent
|
| 337 |
|
|
|a bez média
|b n
|2 rdamedia
|
| 338 |
|
|
|a zväzok
|b nc
|2 rdacarrier
|
| 500 |
|
|
|a Obsahuje Abstrakt na s. 213
|
| 500 |
|
|
|a Biografické údaje
|
| 650 |
0 |
7 |
|a cieľové funkcie
|2 LMAOSK
|9 1509631
|
| 650 |
0 |
7 |
|a informačné technológie
|2 SNKPH
|9 1527
|
| 650 |
0 |
7 |
|a úžitkové funkcie
|2 LMAOSK
|9 1509632
|
| 655 |
|
7 |
|a články
|2 SNKPH
|9 70601
|
| 700 |
1 |
|
|a Open'ko, P. V.
|4 aut
|9 1509633
|
| 700 |
1 |
|
|a Kopiika, O. V.
|4 aut
|9 1509634
|
| 700 |
1 |
|
|a Shevchenko, H. V.
|4 aut
|9 1509635
|
| 700 |
1 |
|
|a Dakhno, N. B.
|4 aut
|9 1509636
|
| 773 |
0 |
|
|t Advances in Military Technology
|g Roč. 14, č. 2 (2019), s. [213]-229
|x 1802-2308
|
| 852 |
|
|
|a LMAOSK
|b KIS3GCP
|
| 856 |
4 |
1 |
|u http://aimt.unob.cz/articles/19_02/1291.pdf
|
| 958 |
|
|
|a NB
|
| 999 |
|
|
|c 3017316
|d 3019246
|